| 000 | 00000nam##2200000za#4500 |
| 001 | 9.644239 |
| 003 | CaOODSP |
| 005 | 20210624224543 |
| 007 | cr ||||||||||| |
| 008 | 150407|1978||||xxc|||||o f|0| 0 fre|d |
| 040 | |aCaOODSP|bfre |
| 043 | |an-cn--- |
| 086 | 1 |aA63-1596/1978F-PDF |
| 110 | 1 |aCanada.|bAgriculture Canada. |bInstitut de recherches sur les aliments. |
| 245 | 10|aLutte contre la mammite / |h[ressource électronique]|c[par J.A. Elliott, Institut de recherches sur les aliments]. |
| 260 | |aOttawa - Ontario : |bAgriculture Canada. |c1978. |
| 300 | |a8p. |
| 500 | |aPublication historique numérisée par Agriculture et Agroalimentaire Canada. |
| 590 | |a15-02-Supp|b2015-02-16 |
| 691 | 07|aBétail|2gcpds |
| 691 | 07|aIndustrie laitière|2gcpds |
| 691 | 07|aMaladie animale|2gcpds |
| 720 | 1 |aElliott, J. A. |
| 775 | 08|tMastitis control / |w(CaOODSP)9.699688 |
| 856 | 40|ahttp://publications.gc.ca|qPDF|s445 Ko|uhttps://publications.gc.ca/collections/collection_2015/aac-aafc/A63-1596-1978-fra.pdf |
| 986 | |a1596 |